=LDR 00000nam 2200000 4500 =001 INLIS000000000036238 =005 20130612142033 =008 ***********************************Ind** =035 ##$$0010-061300000036238 =041 ##$$a Ind =082 ##$$a 028.5 =090 ##$$a 028.5, Kim k =100 ##$$a Kim Shin-Joong =245 ##$$a Kisah bijak kitab suci power bible comic 7, kelahiran yesus, Kim Shin-Jowing ; alih bahasa, Sutoyo Soh Dae Yong MFC =260 ##$$a 2009 $b Jakarta =300 ##$$a 203 hlm, ilus, 24 cm =650 ##$$a Bacaan kanak-kanak =700 ##$$a Yong, Sutooy Soh Dae =850 ##$$a NBPNMAT =990 ##$$a 0001/BPAP-NTB/2015 =990 ##$$a 0001/BPAP-NTB/2016